00639pam a22001934a 4500020001500000020001600015040000800031082002600039100002300065245002100088250003300109260004000142300004700182650002000229700002500249942000700274999001700281952014700298 a0071180664 a0072314907  cDLC00a338 HIL 2001 A065 Or.1 aSamuelson, Paul A.10aMicroeconomics / a17th ed. ; International ed. aBoston:bMcGraw-Hill Irwin,cc2001. axxii, 454 p. :bill. (some col.) ;c26 cm. 0aMicroeconomics.1 aNordhaus, William D. cEK c14289d14289 0010406338_000000000000000_HIL_2001_A065_OR70966312aLBAbLBAcA065d2017-10-11o338 HIL 2001 A065 Or.pA21545r2017-10-11w2017-10-11yEK